00381nam a2200145Ia 4500008004100000020001500041041000800056082001700064100004800081245004600129250000600175260002300181300001300204650001800217210716s9999 xx 000 0 und d a9812438769 aeng a005.133 BARR aBarnett, Richard; Ocull, Larry; Cox, Sarah. aEmbedded c programming and the atmel avr. a1 aAustraliabThomson axxii,495 aC Programming